Seriál : O riadení úverového rizika
Pokračovanie príspevku z predchádzajúceho čísla. Získanie úveru od banky a postup klienta pri získavaní úveru.
Uložené v:
| Hlavný autor: | |
|---|---|
| Médium: | Kapitola |
| Jazyk: | Slovak |
| Predmet: | |
| Tagy: |
Žiadne tagy, Buďte prvý, kto otaguje tento záznam!
|
MARC
| LEADER | 00000nla$a2200000$$$4500 | ||
|---|---|---|---|
| 001 | 0109015 | ||
| 005 | 20240502072213.7 | ||
| 041 | 0 | |a slo | |
| 044 | |a SK | ||
| 245 | 1 | 0 | |a Seriál : O riadení úverového rizika |c Ctibor Pilch |
| 520 | |a Pokračovanie príspevku z predchádzajúceho čísla. Získanie úveru od banky a postup klienta pri získavaní úveru. | ||
| 610 | 2 | 0 | |a riziko úverové |
| 610 | 2 | 0 | |a trh finančný |
| 610 | 2 | 0 | |a banky |
| 610 | 2 | 0 | |a riadenie rizík |
| 100 | 1 | |a Pilch, Ctibor, 1957- | |